00000000nam##2200000za#4500
0019.608767
003CaOODSP
00520230131161133
007ta
008150406|1993||||xxc|||||     f|0| 0 eng|d
020 |a0-660-14993-1
022 |a0068-7634
040 |aCaOODSP|beng
043 |an-cn---
0861 |aM46-438E
1102 |aGeological Survey of Canada.
24510|aGeology of the eastern Cape Smith Belt: parts of the Kangiqsujuaq, Cratère du Nouveau-Quebec, and Lacs Nuvilik map areas, Québec / |cby M. R. St-Onge and S. B. Lucas.
260 |aOttawa - Ontario : |bEnergy, Mines and Resources. |c1993.
300 |a110p. : |bfigs., maps, references, tables ; |c28 cm.
4901 |aMemoir|x0068-7634|v438
546 |aRésumés en français
563 |aSoftcover
590 |a93-18|b1993-05-07
69007|aGeology|2gcpds
7201 |aSt-Onge, M. R.
7201 |aLucas, S. B.
830#0|aMemoir,|x0068-7634|v438|w(CaOODSP)9.514771